000 00673nam a22002537a 4500
001 BR9601435
003 BR-BrBNA
005 20230928094939.0
007 ta
008 230509b bl.||||| |||| 00| 0 por d
040 _aBR-BrBNA
_bpor
_cBiblioteca Nacional de Agricultura
041 _a(Por)
072 _aJ11
_b1540
090 _ 1540 BR9601435
100 1 _aBooth, R.H.
110 1 _aCentro Internacional de Agricultura Tropical, Cali (Colombia)
_91696
245 1 _aArmazenamento de mandioca
260 3 _aCali (Colombia):
_c[nd].
300 _a16 p.
650 _aMandioca
650 _aArmazenamento
909 _a202309
_bLucia
_c55
_dLucia Elande
942 _cBK
999 _c53596
_d53596